000 01841cam a2200265 4500
008 040202n2003 000 0 eng u
020 _a0110482573
035 _a(Sirsi) u124978
041 _aeng
245 4 _aThe Council Tax (Chargeable Dwellings, Exempt Dwellings and Discount Disregards) (Amendment) (England) Order 2003
260 _aLondon
_bHMSO
_c2003
490 _aSI
_v2003: 3121
520 _aCame into force 1 January 2004. Inserts a new Art 3A into the Council Tax (Chargeable Dwellings) Order 1992 which will ensure that a care home shall be treated as comprising of the number of units found by adding one to the number of self-contained units occupied by or currently unoccupied provided for the purpose of accommodation of the person registered in accordance with the Care Standards Act 2000 Part II. Substitutes a new Class I into the Council Tax (Exempt Dwellings) Order 1992 to take into account provisions in the Care Standards Act 2000 and the Regulation of Care (Scotland) Act 2001. A new Art 6 is substituted into the Council Tax (Discount Regards) Order 1992 following amendments made by the Care Standards Act 2000 to the Local Government Finance Act 1992 Sched 1 para 7. See Explanatory Note for full details. View at www.legislation.hmso.gov.uk/si.
650 _aCOUNCIL TAX
650 _aCOUNCIL TAX (CHARGEABLE DWELLINGS) ORDER 1992
650 _aCOUNCIL TAX (EXEMPT DWELLINGS) ORDER 1992
650 _aCARE STANDARDS ACT 2000
650 _aREGULATION OF CARE (SCOTLAND) ACT 2001
650 _aCOUNCIL TAX (DISCOUNT REGARDS) ORDER 1992
650 _aLOCAL GOVERNMENT FINANCE ACT 1992
650 _aLOCAL GOVERNMENT ACT 2000
690 _aRATING AND LOCAL TAXATION
856 _uhttps://www.legislation.hmso.gov.uk/si/si2003/20033121.htm
_zView the Order on the HMSO website...
942 _n0
999 _c103325
_d103325